Beneath the Oceans /
Impresa por ambas caras, esta carta muestra la orografía subacuática en un planisferio; en la segunda cara centra su atención en el monte Mauna Kea, el más alto del mundo si se mide desde su base hasta su cresta; esta montaña alcanza una altura de más de diez mil metros, siendo más alto que el Evere...
Uloženo v:
| Hlavní autor: | |
|---|---|
| Další autoři: | , , , , |
| Médium: | Mapa |
| Vydáno: |
Washington, EUA :
National Geographic Society,
2012, c2012
|
| Témata: | |
| Tagy: |
Žádné tagy, Buďte první, kdo vytvoří štítek k tomuto záznamu!
|
MARC
| LEADER | 00000nem^a2200000^a^4500 | ||
|---|---|---|---|
| 001 | 000562954 | ||
| 005 | 20250521000000.0 | ||
| 009 | 20260310131956.066 | ||
| 037 | |a Acervo ITESO - Biblioteca | ||
| 041 | |a GRA | ||
| 082 | |a 912. |b GAM | ||
| 100 | |a Gamache, Martin |e (cartografía) | ||
| 245 | 1 | 0 | |a Beneath the Oceans / |c Cartografía de M. Gamache ; diseño de E. Bradley ; texto de J. Vessels ; investigación de T.L. Salinas. |
| 255 | |a Escala 1 : 49 196 000 ; |b Proyección de Mollweide | ||
| 264 | 1 | |a Washington, EUA : |b National Geographic Society, |c 2012, c2012 | |
| 300 | |a 1 mapa | ||
| 336 | |a imagen cartográfica estática |b cri |2 rdacontenido | ||
| 337 | |a sin mediación |b n |2 rdamedio | ||
| 338 | |a mapa |b nz |2 rdasoporte | ||
| 520 | |a Impresa por ambas caras, esta carta muestra la orografía subacuática en un planisferio; en la segunda cara centra su atención en el monte Mauna Kea, el más alto del mundo si se mide desde su base hasta su cresta; esta montaña alcanza una altura de más de diez mil metros, siendo más alto que el Everest, solo que tiene su base en el lecho marino a una profundidad de cerca de 5700 metros. Ilustra las formas de vida a diferentes rangos de altitud y profundidad, desde la araña lobo que habita en la cumbre, hasta la anguila abisal que se mueve en las profundidades. | ||
| 546 | |a Edición gráfica con texto en inglés | ||
| 649 | |a XX | ||
| 650 | |a Flora Marina |z Hawai, EUA | ||
| 650 | |a Flora - |z Hawai, EUA | ||
| 650 | |a Fauna Marina - |z Hawai, EUA | ||
| 650 | |a Fauna - |z Hawai, EUA | ||
| 650 | |a Volcanes - |z Hawai, EUA - |x Tema Principal | ||
| 650 | |a Montañas - |z Hawai, EUA - |x Tema Principal | ||
| 650 | |a Vulcanismo - |z Hawai, EUA | ||
| 650 | |a Orografía | ||
| 650 | |a Cartografía | ||
| 650 | |a Tierra - |x Mapas - |x Tema Principal | ||
| 700 | |a Bradley, Elaine |e (diseño) | ||
| 700 | |a Tumas, Alejandro |e (diseño) | ||
| 700 | |a Vessels, Jane |e (texto) | ||
| 700 | |a Sperry, Shelley |e (texto) | ||
| 700 | |a Salinas, Teryn L. |e (investigación) | ||
| 740 | 0 | |a Mauna Kea : |b The World's Tallest Mountain / |c Diseño de A. Tumas ; texto de S. Sperry, J. Vessels. | |
| 910 | |a Fondo General | ||
| 920 | |a Gráficos - Mapas | ||
| 905 | |a 503 | ||
| 901 | |a 0500400968 |b IT2 |c MAP |i D |u 20250521 | ||
| 902 | |a https://opac.biblio.iteso.mx/vufind/Record/000562954 | ||